<?xml version="1.0" encoding="UTF-8"?>
<record
    xmlns:xsi="http://www.w3.org/2001/XMLSchema-instance"
    xsi:schemaLocation="http://www.loc.gov/MARC21/slim http://www.loc.gov/standards/marcxml/schema/MARC21slim.xsd"
    xmlns="http://www.loc.gov/MARC21/slim">

  <leader>03154nam a22005057a 4500</leader>
  <controlfield tag="003">PE-LiUPU</controlfield>
  <controlfield tag="005">20250731180158.0</controlfield>
  <controlfield tag="008">220915b        |||||||| |||| 00| 0 spa d</controlfield>
  <datafield tag="020" ind1=" " ind2=" ">
    <subfield code="a">9786124257773</subfield>
  </datafield>
  <datafield tag="040" ind1=" " ind2=" ">
    <subfield code="a">PE-LiUPU</subfield>
    <subfield code="b">spa </subfield>
    <subfield code="c">PE-LiUPU</subfield>
    <subfield code="e">rda</subfield>
  </datafield>
  <datafield tag="082" ind1="0" ind2="4">
    <subfield code="2">23</subfield>
    <subfield code="a">515.353 </subfield>
    <subfield code="b">B467e</subfield>
  </datafield>
  <datafield tag="100" ind1="1" ind2=" ">
    <subfield code="a">Benites Araujo, Juan, </subfield>
    <subfield code="d">1936-</subfield>
    <subfield code="e">autor</subfield>
  </datafield>
  <datafield tag="245" ind1="1" ind2="0">
    <subfield code="a">Ecuaciones en derivadas parciales : </subfield>
    <subfield code="b">resoluci&#xF3;n de ecuaciones diferenciales en derivadas parciales para ciencias e ingenier&#xED;a / </subfield>
    <subfield code="c">Juan Benites Araujo, Jes&#xFA;s Avalos Rodr&#xED;guez.</subfield>
  </datafield>
  <datafield tag="250" ind1=" " ind2=" ">
    <subfield code="a">Primera edici&#xF3;n</subfield>
  </datafield>
  <datafield tag="264" ind1=" " ind2=" ">
    <subfield code="a">Trujillo : </subfield>
    <subfield code="b">Fondo Editorial de la Universidad Privada Antenor Orrego,</subfield>
    <subfield code="c">2018</subfield>
  </datafield>
  <datafield tag="300" ind1=" " ind2=" ">
    <subfield code="a">viii, 159 p&#xE1;ginas. : </subfield>
    <subfield code="b">ilustraciones ; </subfield>
    <subfield code="c">24 cm.</subfield>
  </datafield>
  <datafield tag="490" ind1="0" ind2=" ">
    <subfield code="a">Matem&#xE1;tica superior</subfield>
  </datafield>
  <datafield tag="500" ind1=" " ind2=" ">
    <subfield code="a">Incluye &#xED;ndice.</subfield>
  </datafield>
  <datafield tag="504" ind1=" " ind2=" ">
    <subfield code="a">Bibliograf&#xED;a: p. [161]</subfield>
  </datafield>
  <datafield tag="505" ind1=" " ind2=" ">
    <subfield code="a">Introducci&#xF3;n -- Ecuaciones en Derivadas Parciales -- Orden de una ecuaci&#xF3;n en derivadas parciales -- Eliminaci&#xF3;n de constantes arbitrarias -- Eliminaci&#xF3;n de funciones arbitrarias -- Soluciones de algunas ecuaciones en derivadas parciales sencillas -- Resoluci&#xF3;n de ecuaciones en derivadas parciales por el m&#xE9;todo de separaci&#xF3;n de variables -- M&#xE9;todo de separaci&#xF3;n de variables -- Ecuaciones diferenciales en derivadas parciales lineales y no lineales -- Ecuaciones diferenciales en derivadas parciales lineales -- Ecuaciones en derivadas parciales no lineales -- Ecuaciones homog&#xE9;neas en derivadas parciales de orden superior con coeficientes constantes &#x2013; (Ecuaciones homog&#xE9;neas lineales de varias formas) -- Ecuaci&#xF3;n homog&#xE9;nea lineal con segundo miembro la funci&#xF3;n F(x,y). M&#xE9;todos abreviados para obtener integrales particulares &#x2013; Ecuaciones lineales no homog&#xE9;neas en derivadas parciales coeficientes constantes -- Ecuaciones lineales no homog&#xE9;neas reducibles -- Ecuaciones o homog&#xE9;neas lineales m&#xFA;ltiples -- Ecuaciones no homog&#xE9;neas irreducibles con coeficientes constantes -- Ecuaci&#xF3;n lineal no homog&#xE9;nea reducible con segundo miembro F (x, y) -- Ecuaci&#xF3;n lineal no homog&#xE9;nea irreducible con segundo miembro F (x,y) -- Ecuaciones en derivadas parciales de Cauchy -- Ecuaciones en derivadas parciales con coeficientes variables -- GRUPO I -- GRUPO II -- 3. GRUPO III -- GRUPO IV &#x2013; Respuestas.</subfield>
  </datafield>
  <datafield tag="526" ind1=" " ind2=" ">
    <subfield code="a">SEG44</subfield>
  </datafield>
  <datafield tag="526" ind1=" " ind2=" ">
    <subfield code="a">SEG26</subfield>
  </datafield>
  <datafield tag="526" ind1=" " ind2=" ">
    <subfield code="a">P159</subfield>
  </datafield>
  <datafield tag="526" ind1=" " ind2=" ">
    <subfield code="a">P155</subfield>
  </datafield>
  <datafield tag="526" ind1=" " ind2=" ">
    <subfield code="a">P154</subfield>
  </datafield>
  <datafield tag="526" ind1=" " ind2=" ">
    <subfield code="a">P153</subfield>
  </datafield>
  <datafield tag="526" ind1=" " ind2=" ">
    <subfield code="a">P150</subfield>
  </datafield>
  <datafield tag="526" ind1=" " ind2=" ">
    <subfield code="a">P100</subfield>
  </datafield>
  <datafield tag="526" ind1=" " ind2=" ">
    <subfield code="a">P31</subfield>
  </datafield>
  <datafield tag="526" ind1=" " ind2=" ">
    <subfield code="a">P30</subfield>
  </datafield>
  <datafield tag="526" ind1=" " ind2=" ">
    <subfield code="a">P26</subfield>
  </datafield>
  <datafield tag="526" ind1=" " ind2=" ">
    <subfield code="a">P25</subfield>
  </datafield>
  <datafield tag="526" ind1=" " ind2=" ">
    <subfield code="a">P24</subfield>
  </datafield>
  <datafield tag="526" ind1=" " ind2=" ">
    <subfield code="a">P22</subfield>
  </datafield>
  <datafield tag="526" ind1=" " ind2=" ">
    <subfield code="a">P15</subfield>
  </datafield>
  <datafield tag="526" ind1=" " ind2=" ">
    <subfield code="a">P10</subfield>
  </datafield>
  <datafield tag="583" ind1=" " ind2=" ">
    <subfield code="a">Adq. </subfield>
    <subfield code="b">D.L. </subfield>
    <subfield code="c">20190318 </subfield>
    <subfield code="k">Universidad Privada Antenor Orrego</subfield>
  </datafield>
  <datafield tag="583" ind1=" " ind2=" ">
    <subfield code="a">Adq. </subfield>
    <subfield code="b">D.L. </subfield>
    <subfield code="c">20190318 </subfield>
    <subfield code="k">Universidad Privada Antenor Orrego</subfield>
  </datafield>
  <datafield tag="650" ind1="1" ind2="8">
    <subfield code="a">Ecuaciones diferenciales parciales</subfield>
    <subfield code="x">Estudio y ense&#xF1;anza.</subfield>
  </datafield>
  <datafield tag="650" ind1="2" ind2="8">
    <subfield code="a">Ecuaciones diferenciales parciales</subfield>
    <subfield code="v">-Problemas, ejercicios, etc.</subfield>
  </datafield>
  <datafield tag="700" ind1="1" ind2=" ">
    <subfield code="a">Avalos Rodr&#xED;guez, Jes&#xFA;s, </subfield>
    <subfield code="d">1984-</subfield>
  </datafield>
  <datafield tag="710" ind1="2" ind2=" ">
    <subfield code="a">Universidad Privada Antenor Orrego (Trujillo)</subfield>
  </datafield>
  <datafield tag="942" ind1=" " ind2=" ">
    <subfield code="2">ddc</subfield>
    <subfield code="c">BOOK</subfield>
    <subfield code="n">0</subfield>
  </datafield>
  <datafield tag="980" ind1=" " ind2=" ">
    <subfield code="8">1</subfield>
    <subfield code="g">ALBERTO SANCHEZ Responsable de Automatizaci&#xF3;n</subfield>
    <subfield code="6">18226</subfield>
    <subfield code="a">Jaime Vilcaz&#xE1;n</subfield>
  </datafield>
  <datafield tag="999" ind1=" " ind2=" ">
    <subfield code="c">61568</subfield>
    <subfield code="d">61568</subfield>
  </datafield>
  <datafield tag="952" ind1=" " ind2=" ">
    <subfield code="r">2025-12-02 00:00:00</subfield>
    <subfield code="i">1</subfield>
    <subfield code="l">1</subfield>
    <subfield code="o">515.353  B467e</subfield>
    <subfield code="p">81118</subfield>
    <subfield code="s">2024-09-02</subfield>
    <subfield code="t">e1</subfield>
    <subfield code="v">9.60</subfield>
    <subfield code="w">2022-09-15</subfield>
    <subfield code="x">FACIHED</subfield>
    <subfield code="y">BK</subfield>
    <subfield code="z">inventario-2023-12-13</subfield>
    <subfield code="1">0</subfield>
    <subfield code="2">ddc</subfield>
    <subfield code="5">0</subfield>
    <subfield code="7">0</subfield>
    <subfield code="8">GEN</subfield>
    <subfield code="f">P15</subfield>
    <subfield code="a">BUL</subfield>
    <subfield code="b">BUL</subfield>
    <subfield code="c">GEN</subfield>
    <subfield code="d">2022-08-23</subfield>
    <subfield code="e">LIBUN</subfield>
    <subfield code="g">4.60</subfield>
  </datafield>
</record>
